Wszystkie miasta S5 i DK5 - Statystyki

Ogólne statystyki
  • Ten quiz został rozwiązany 6 razy
  • Średni wynik to 13 z 17
Statystyki odpowiedzi
Województwo Liczba mieszkańców Odpowiedź % Poprawnych
Kujawsko-Pomorskie 339 100 Bydgoszcz
100%
Dolnośląskie 673 500 Wrocław
100%
Wielkopolskie 63 100 Gniezno
83%
Dolnośląskie 74 600 Jelenia Góra
83%
Wielkopolskie 59 800 Leszno
83%
Dolnośląskie 13 600 Trzebnica
83%
Dolnośląskie 6200 Żmigród
83%
Dolnośląskie 4600 Bolków
67%
Wielkopolskie 23 700 Kościan
67%
Wielkopolskie 5600 Śmigiel
67%
Wielkopolskie 5900 Stęszew
67%
Kujawsko-Pomorskie 25 200 Świecie
67%
Dolnośląskie 5700 Szklarska Poręba
67%
Kujawsko-Pomorskie 9500 Szubin
67%
Kujawsko-Pomorskie 13 400 Żnin
67%
Wielkopolskie 9900 Kostrzyn
50%
Dolnośląskie 15 700 Strzegom
50%
Nie znaleziono quizów pasujących do podanych kryteriów
Rozkład punktacji
Procent ludzi z każdym wynikiem
Percentyl według liczby udzielonych odpowiedzi
Twoja historia wyników
Nie rozwiązałeś tego quizu